000 01802nam a22003017a 4500
001 1633
003 FISKH
005 20260424162434.0
008 230912b cb ||||| |||| 00| 0 khr d
020 _a9789924341697
040 _aFISKH
_beng
_cFISKH
_dFISKH
082 _a231.7
100 _aMorpurgo, Michael
245 _aអាណាចក្រ របស់កេនស៊ឹកិ /
_cម៉ៃឃើល ម៉រពូហ្គោ បកប្រែពីភាសាអង់គ្លេសដោយ ស៊ិន សុវណ្ណសឹកិ - រូបភាពក្របដោយ សេង វិសុទ្ធ​
260 _aPhnom Penh :
_bSipar,
_c2022.
300 _a135 pages :
_billustrations ;
_c19 cm
490 _aអក្សរសិល្ប៍យុវវ័យ
505 _aZ'
520 _aរលកបាននាំម៉ៃឃើលទៅលើកោះកណ្ដាលមហាសមុទ្រ។ គ្មានទឹក គ្មានអាហារ មានតែស្តេឡា ឆ្កែរបស់គេ ដែលនៅបានជាគ្នា។ ប៉ុន្តែ រាល់ព្រឹកមានត្រី ចេក និងទឹកសម្រាប់ផឹក ជាស្រេច។
520 _aThe waves brought Michael to an island in the middle of the ocean. No water, no food, only their dog Stella can stay together. But every morning there is fish, banana and water to drink.
521 8 _a920
_bLexile estimate
521 8 _aZ'
_bRaz-Plus
650 _aបាត់ខ្លួន
_vកោះ
_xឆ្កែ
_yសមុទ្រ
650 _aDisappear
_vIsland
_xDog
_ySea
700 _aSovannratana, Sin
_eTranslator
700 _aVisoth, Seng
_eillustrator
942 _2ddc
_cKHB
_n0
999 _c1633
_d1633